书目信息 |
| 书名: | Tense = | |
| 作者: | Bernard Comrie | |
| 分册号: | ||
| 分册名: | 出版地: | Beijng : |
|
| 出版社: | Peking University Press | |
| 出版时间: | 2005. | |
| 页数: | x, 139 p. : | |
| 开本: | 24 cm. | |
| 丛书名: | Cambridge textbooks in linguistics | |
| 中图分类号: | ||
| 科图分类号: | ||
| 其他分类号: | H04 | |
| 主题词: | ||
| 电子资源: | ||
| 000 | 01357nam 2200361 a 4500 | |
| 001 | E0738306915 | |
| 004 | 001192429 | |
| 004 | 001192429 | |
| 005 | 20070702104043.90 | |
| 008 | 4001uueng0000000 | |
| 008 | 4001uueng0000000 | |
| 008 | 001 0 eng | |
| 010 | @a84023832 | |
| 020 | @a7301079915 :@cCNY16.00. | |
| 040 | @aCcBjTSG @bchi | |
| 041 | @aeng@bchi | |
| 050 | 00 | @aP281 @b.C63 1985 |
| 082 | 00 | @a415 @219 |
| 090 | @aH04 | |
| 099 | @dH04@ex106 | |
| 100 | 1 | @aComrie, Bernard, @d1947- |
| 245 | 10 | @aTense = :@b时态范畴 / @cBernard Comrie |
| 246 | 31 | @a时态范畴 |
| 250 | @a影印版. | |
| 260 | @aBeijng :@bPeking University Press,@c2005. | |
| 300 | @ax, 139 p. :@bill. ;@c24 cm. | |
| 440 | 0 | @aCambridge textbooks in linguistics |
| 504 | @aIncludes bibliographical references and indexes. | |
| 534 | @pReprint. Originally published: @cCambridge : Cambridge University Press, 1985, @z0521236525. | |
| 650 | 0 | @aGrammar, Comparative and general @xTense. @b01 @c20050705 @lNLC09 @h1637 @b40 @c20050711 @lNLC09 @h1755 @b40 @c20050711 @lNLC09 @h1807 @b40 @c20050711 @lNLC09 @h1807 @b40 @c20050718 @lNLC09 @h1428 @b40 @c20050718 @lNLC09 @h1430 @b40 @c20051027 @lNLC09 @h0809 @b40 @c20051027 @lNLC09 @h0809 |
| 700 | @aComrie,Bernard | |
| 852 | 0 | @bWWDY @k2-2005 @hH04 @iC738 |
| 852 | 0 | @bWWJC @cJ09 @k2-2005 @hH04 @iC738 |
| Tense = : : 时态范畴 / / Bernard Comrie.-影印版.-Beijng : : Peking University Press, , 2005. |
| x, 139 p. : : ill. ; ; 24 cm.- (Cambridge textbooks in linguistics ) |
| Includes bibliographical references and indexes. |
| ISBN 7301079915 :CNY16.00. |
| ● |
| 相关链接 |
|
|
|
|
正题名:Tense =
索取号:H04/x106
 
预约/预借
| 序号 | 登录号 | 条形码 | 馆藏地/架位号 | 状态 | 备注 |
| 1 | 12027 | 300120278 | 第二样本阅览室/ [索取号:H04/x106] | 在馆 | |
| 2 | 12028 | 300120287 | 第四借阅区/ [索取号:H04/x106] | 在馆 | |
| 3 | 12029 | 300120296 | 第四借阅区/ [索取号:H04/x106] | 在馆 | |
| 4 | 12030 | 300120303 | 第四借阅区/ [索取号:H04/x106] | 在馆 | |
| 5 | 12031 | 300120312 | 第四借阅区/ [索取号:H04/x106] | 在馆 | |
| 6 | 12032 | 300120321 | 第四借阅区/ [索取号:H04/x106] | 在馆 | |
| 7 | 12033 | 300120330 | 第四借阅区/ [索取号:H04/x106] | 在馆 | |
| 8 | 12034 | 300120349 | 第四借阅区/ [索取号:H04/x106] | 在馆 |